| 000 -ლიდერი |
| ფიქსირებული სიგრძის საკონტროლო ველი |
01557nam a22002297a 4500 |
| 003 - საკონტროლო ნომრის იდენტიფიკატორი |
| საკონტროლო ველი |
Ge_BSU |
| 005 - ბოლო ოპერაციის თარიღი და დრო |
| საკონტროლო ველი |
20211012122619.0 |
| 008 - ფიქსირებული სიგრძის მონაცემთა ელემენტები - ზოგადი ინფორმაცია |
| ფიქსირებული სიგრძის საკონტროლო ველი |
211012s2021 ge ||||| |||| 00| 0 geo d |
| 020 ## - წიგნის საერთაშორისო სტანდარტული ნომერი |
| International Standard Book Number |
9789941835315 |
| 041 ## - ენის კოდი |
| Language code of text/sound track or separate title |
geo |
| 080 ## - უნივერსალური ათობითი კლასიფიკაციის ინდექსი |
| Universal Decimal Classification number |
341.231.14 ა-69 |
| 245 ## - ცნობა სათაურის შესახებ |
| Title |
ანტიდისკრიმინაციული სამართალი : |
| Remainder of title |
თარგმანები / |
| Statement of responsibility, etc |
დიმიტრი გეგენავას და გიორგი გორაძის რედაქტორობით. |
| 264 ## - წარმოების, გამოცემის, დისტრიბუციის და სხვა ცნობები |
| გამოცემის, წარმოების, დისტრიბუციის... ადგილი |
თბილისი : |
| გამოცემის, წარმოების, დისტრიბუციის... სახელწოდება |
სულხან-საბა ორბელიანის უნივერსიტეტის გამომცემლობა, |
| გამოცემის, წარმოების, დისტრიბუციის... თარიღი |
2021. |
| 300 ## - ფიზიკური აღწერა |
| Extent |
278 გვ. ; |
| Other physical details |
20 სმ. |
| 500 ## - ზოგადი შენიშვნა |
| General note |
წიგნი გამოიცემა USAID / PROLoG-ის მიერ დაფინანსებული ადამიანის უფლებების პროექტის ფარგლებში. |
| 504 ## - BIBLIOGRAPHY, ETC. NOTE |
| Bibliography, etc |
ბიბლიოგრაფია ტექსტის შენიშვნებში. |
| 653 ## - INDEX TERM--UNCONTROLLED |
| Uncontrolled term |
თანასწორობისა და ევროპული ანტიდისკრიმინაციული სამართლის მოდელი |
| 653 ## - INDEX TERM--UNCONTROLLED |
| Uncontrolled term |
სამართალი |
| 700 ## - ADDED ENTRY--PERSONAL NAME |
| Personal name |
გეგენავა, დიმიტრი |
| Relator term |
რედაქტორი |
| 9 (RLIN) |
12648 |
| 700 ## - ADDED ENTRY--PERSONAL NAME |
| Personal name |
გორაძე, გიორგი |
| Relator term |
რედაქტორი |
| 9 (RLIN) |
2809 |
| 942 ## - ADDED ENTRY ELEMENTS (KOHA) |
| Source of classification or shelving scheme |
|
| Koha item type |
წიგნი |